000 00805nam 22002413 4500
001 199721
010 _a978-989-360-022-1
021 _aPT
_b547572/25
090 _a199721
100 _a20260106d u||y0pory50 ba
101 _apor
102 _aPT
200 _aQueres Fazer Desporto?
_eO Treino Explicado aos Jovens
_fAntónio Vasconcelos Raposo e Pedro Sequeira
_gPrefácio de Pedro Dias
210 _aPaço d'Arcos
_cConfederação de Treinadores de Portugal
_d2025
215 _a121, [1] p.
_cBrochado
_d21 cm
606 _92185
_aDesporto
675 _a796/RAP/QUE
_vPT
_zpor
700 _915511
_aRaposo
_bAntónio Vasconcelos
701 _915512
_aSequeira
_bPedro
702 _913705
_aDias
_bPedro (prefaciador)
801 _aPT
_bBMMN
_gRPC
830 _cCarlos Pinto
_d06-01-2026
_fCarlos Pinto
990 _cLIVROS